| Tag |
First Indicator |
Second Indicator |
Subfields |
| LEADER |
00000cam a2200000 a 4500 |
| 001 |
in00000950021 |
| 005 |
20150925164355.0 |
| 007 |
hd afv|||baca |
| 008 |
860403s1680 miu a 00000 eng d |
| 035 |
|
|
|a (OCoLC)13385698
|
| 035 |
|
|
|9 AES9908AM
|
| 037 |
|
|
|a CL0037000013
|b UMI
|
| 037 |
|
|
|b University Microfilms International, 300 N. Zeeb Rd., Ann Arbor, MI 48106
|
| 040 |
|
|
|a EAA
|c EAA
|d m/c
|d UMI
|d UtOrBLW
|
| 049 |
|
|
|a TXAI
|
| 099 |
|
|
|a film
|a B
|a 3609
|
| 100 |
0 |
|
|a B. R.
|
| 245 |
1 |
0 |
|a Great nevvs from Saxony, or, A new and strange relation of the mighty giant Koorbmep of his devouring men and of the great rebellion rasied by him and his confederates in the midd Saxony :
|b in a letter sent over from Nodnol to a peer of the realm of England : dated the 10th day of this month of August.
|
| 264 |
|
1 |
|a London :
|b [publisher not identified],
|c 1680.
|
| 300 |
|
|
|a 3 pages
|
| 336 |
|
|
|a text
|b txt
|2 rdacontent
|
| 337 |
|
|
|a microform
|b h
|2 rdamedia
|
| 338 |
|
|
|a microfilm reel
|b hd
|2 rdacarrier
|
| 500 |
|
|
|a Caption title.
|
| 500 |
|
|
|a Signed: B. R.
|
| 500 |
|
|
|a Imprint information from colophon.
|
| 500 |
|
|
|a Now made publick for general satisfaction.
|
| 500 |
|
|
|a Reproduction of original in Huntington Library.
|
| 510 |
4 |
|
|a Wing
|c R5
|
| 533 |
|
|
|a Microfilm.
|b Ann Arbor, Mich. :
|c University Microfilms,
|d 1973.
|e 1 microfilm reel : 35 mm.
|f (Early English books, 1641-1700 ; 473:3)
|
| 500 |
|
|
|a Microform.
|
| 600 |
1 |
0 |
|a Pembroke, Thomas Herbert,
|c Earl of,
|d 1656-1733.
|
| 740 |
0 |
|
|a Great nevvs from Saxony.
|
| 740 |
0 |
|
|a Great news from Saxony.
|
| 740 |
2 |
|
|a A new and strange relation of the mighty giant Koorbmep.
|
| 830 |
|
0 |
|a Early English books, 1641-1700 ;
|v 473:3.
|
| 999 |
|
|
|a MARS
|
| 999 |
f |
f |
|s 3c16cf60-31e0-3f78-a1b4-9171ac1b643c
|i 08c4c62f-9a1e-3501-948b-d5ab07ba882d
|t 0
|
| 952 |
f |
f |
|p default
|a Texas A&M University
|b College Station
|c Sterling C. Evans Library
|d Evans: Microforms (3rd floor)
|t 0
|e film B 3609 473:3
|h Other scheme
|i microform -- microfilm reel
|
| 998 |
f |
f |
|a film B 3609 473:3
|t 0
|l Evans: Microforms (3rd floor)
|